000 01551cam a22004097a 4500
003 CHAP
005 20220329142202.0
008 000202d1999 mx r 00110 spa d
010 _a79679
011 _a80651
035 _a91102
040 _cCHAP
090 _aTesis
100 0 0 _aCaballero Cárdenas, José Luis.
_916546
245 1 0 _aEvaluación de la resistencia genética a la pudrición de la papa (Solanum tuberosum L.)
_c/por José Luis Caballero Cárdenas
260 _aChapingo, Méx. :
_bEl autor,
_c1999.
300 _a42 h. :
_bgráfs. ; cuadros ; esquemas
502 _aTesis (Ing. Agr. Esp. en Fitotecnia) -- UACH. Departamento de Fitotecnia
590 _aALEPH
_b10
_c20130110
_lUCH01
_h1432
590 _aBATCH-UPD
_b10
_c20130110
_lUCH01
_h0325
590 _aBATCH-UPD
_b10
_c20130110
_lUCH01
_h1619
590 _aBATCH-UPD
_b10
_c20130409
_lUCH01
_h2358
590 _aBATCH-UPD
_b10
_c20130410
_lUCH01
_h1519
590 _aBATCH-UPD
_b10
_c20130914
_lUCH01
_h0800
590 _aCONVERSION
_b10
_c20130109
_lUCH01
_h1344
650 1 4 _aPapa
_xEnfermedades por hongos.
_985229
650 1 4 _aPapa
_xInoculación.
_985253
650 1 4 _aPapa
_xVariedades resistentes a enfermedades.
_985301
650 1 4 _aPhytophthora infestans.
_987925
650 1 4 _aTizón tardío de la papa.
_9113451
901 _aBK
905 _aGuadalupe Pinto C.
942 _cFOLL
949 _bBC
_cTES
_d33724000745055
_eTS2
_fc.2
_h34770
_i91102
_si
949 _bBC
_cTES
_d33724000768354
_eTS2
_fc.3
_h35483
_i91102
_si
949 _bBC
_cTES
_d911021
_eTS1
_h34769
_i91102
_sb
999 _c79679
_d79679